| 000 | 02178cam a22004454i 4500 | ||
|---|---|---|---|
| 003 | PE-LiUPU | ||
| 005 | 20250731165410.0 | ||
| 008 | 151021s2011 pe a grm 000 0 spa d | ||
| 035 | _a(Sirsi) a155011 | ||
| 040 |
_aPE-LiUPU _bspa _cPE-LiUPU _erda |
||
| 099 |
_aTEF 2 _bM22 2011 |
||
| 100 | 1 |
_aMamani Morón, Keyla Aracelly _eautor |
|
| 245 | 1 |
_aNivel de pensamiento crítico en la técnica abierta de aspiración de secreciones en pacientes con tubo endotraqueal por las enfermeras de la UCI de la Clínica Geriátrica San Isidro Labrador, 2011 / _cKeyla Aracelly Mamani Morón. |
|
| 264 | 0 | _c2011. | |
| 300 |
_a108 hojas : _bilustraciones; _c30 cm |
||
| 336 |
_atext _2rdacontent |
||
| 337 |
_aunmediated _2rdamedia |
||
| 338 |
_avolume _2rdacarrier |
||
| 502 |
_aTesis _b(Lic.) -- _cUniversidad Peruana Unión, _d2011. |
||
| 504 | _aIncluye referencias | ||
| 520 | 3 | _aEl presente trabajo pretende proponer orientaciones para detectar el pensamientos critico de las enfermeras en la técnica abierta de aspiración de secreciones en pacientes con tubo endotraqueal. El estudio presenta el objeto de formar profesionales capaces de hacer cosas nuevas, que no repitan lo que otro han hecho, mente capaces de ejercer la critica, que puedan comprobar por si mismos lo que escuchan o hacen. Una visión prospectiva acerca del pensamiento critico en los profesionales de enfermería en la aplicación de diferentes técnicas hospitalarias producirá gran cantidad de trabajos teóricos en salud y promoverá el desarrollo de las habilidades intelectuales, que pueden enmarcarse en lo que se ha denominado el Pensamiento Critico. | |
| 526 | _aSEG44 | ||
| 526 | _aSEG26 | ||
| 526 | _aP151 | ||
| 526 | _aP150 | ||
| 526 | _aP149 | ||
| 526 | _aP146 | ||
| 526 | _aP145 | ||
| 526 | _aP126 | ||
| 526 | _aP125 | ||
| 526 | _aP92 | ||
| 526 | _aP75 | ||
| 526 | _aP74 | ||
| 526 | _aP27 | ||
| 526 | _aP15 | ||
| 650 | 0 | 4 |
_aPensamiento crítico _xPacientes. |
| 596 | _a1 | ||
| 942 |
_2ddc _cTESIS |
||
| 999 |
_aTEF 2 M22 2011 _wALPHANUM _c7703 _iT01255 _d7703 _lCCODEBUL3 _mBUL _q1 _r1 _sY _tTESIS _u2015-10-21 _xSALUD _PP22 _o.STAFF. Tesis |
||
| 980 |
_81 _gALBERTO SANCHEZ Responsable de Automatización |
||